| 000 | 01211nam a2200385 i 4500 | ||
|---|---|---|---|
| 001 | 41547 | ||
| 003 | KOSZ 005 | ||
| 005 | 20221216091419.0 | ||
| 008 | 010321s2001 pl a f f |000 0 pol | ||
| 015 | _aPB 2001/5112 | ||
| 020 | _a8372511195 | ||
| 040 |
_aWA N _cWA N _dKOSZ 005/HR |
||
| 041 | 0 | _apol | |
| 046 | _k2001 | ||
| 080 | _a658.1/.5 | ||
| 080 | _a005 | ||
| 080 | _a(075.8) | ||
| 100 | 1 |
_aGrudzewski, Wiesław Maria _d(1933-2018) _eAutor |
|
| 245 | 1 | 0 |
_aProjektowanie systemów zarządzania / _cWiesław M. Grudzewski, Irena K. Hejduk. |
| 260 |
_aWarszawa : _b"Difin", _c2001. |
||
| 300 |
_a560 s. : _bil., mapa ; _c23 cm. |
||
| 336 |
_2rdacontent _aTekst _btxt |
||
| 337 |
_2rdamedia _aBez urządzenia pośredniczącego _bn |
||
| 338 |
_2rdacarrier _aWolumin _bnc |
||
| 380 | _aKsiążki | ||
| 388 | _a2001- | ||
| 504 | _aBibliogr. | ||
| 650 | 4 | _aZarządzanie | |
| 655 | 4 | _aPodręczniki akademickie | |
| 658 | _aZarządzanie i marketing | ||
| 700 | 1 |
_aHejduk. Irena K. _d(1949- 2018) _eAutor |
|
| 710 | 2 |
_aDifin _4pbl. |
|
| 856 | 4 | 1 |
_uhttp://koha.tu.koszalin.pl/cgi-bin/koha/opac-detail.pl?biblionumber=41547 _zKatalog online BPK |
| 942 |
_2UKD _cKS |
||
| 999 |
_c41547 _d41547 |
||